000 00423nam a2200169Ia 4500
001 1852
003 IN-NITTTR
005 20251114232921.0
008 251113s9999||||xx |||||||||||||| ||eng||
040 _beng
040 _cIN-NITTTR
041 _aeng
082 _a537 B899F
100 _aBurfoot, Jack C.
245 0 _aFerroelectrics :
_b an introduction to the physical principles. /
_cBurfoot, Jack C.
942 _2ddc
_cBK
999 _c2648
_d2648